食安医师的无毒餐桌:破解饮食迷思X远离毒物陷阱,专家带你安心选、健康吃 (Record no. 322580)

000 -LEADER
fixed length control field 00457 a2200145 4500
020 ## - ISBN
ISBN 9786264175838
082 ## - 索书号 Call Number
分类号Classification number 411.1
作者号 Author number 2220
100 ## - 作者
作者 颜宗海;张静慧 著
245 ## - 书名 TITLE
书名Title 食安医师的无毒餐桌:破解饮食迷思X远离毒物陷阱,专家带你安心选、健康吃
250 ## - 版本 EDITION STATEMENT
版本叙述 Edition statement 初版;平装
260 ## - 出版项PUBLICATION, DISTRIBUTION, ETC. (IMPRINT)
出版社 Name of publisher 远见天下文化出版股份有限公司
出版日期 Date of publication 2025
出版地 Place of publication 台北市
300 ## - 稽核项 PHYSICAL DESCRIPTION
页数 Number of Pages 191页
尺寸 Dimensions 21公分
500 ## - 一般附注 GENERAL NOTE
附注 General note
942 ## - ADDED ENTRY ELEMENTS (KOHA)
Koha item type Books
Holdings
Source of classification or shelving scheme Not for loan Permanent Location Current Location Shelving location Date acquired Source of acquisition Cost, normal purchase price Full call number Barcode Cost, replacement price Koha item type
    LIBRARY CHUNG HWA HIGH SCHOOL MUAR LIBRARY CHUNG HWA HIGH SCHOOL MUAR 4 应用科学(二楼 E~F) 2026-02-06 57.00 411.1 2220 050051 114.00 Books

Powered by Koha